Geography Quiz

Random Geography or Asia Quiz
Score 0/50 Timer 07:00
6 Plays Today
Hint Answer % Correct
Flag ColorRed
95.1%
Flag ColorGreen
94.8%
Flag ColorBlack
92.3%
Flag ColorWhite
92.2%
Internet Country Code.af
89.4%
Nationality (Demonym)Afghan
85.4%
Bordering CountryPakistan
84.2%
Largest ReligionSunni Islam
83.5%
Bordering CountryIran
82.1%
Capital CityKabul
81.4%
ContinentAsia
78.7%
Drives on the...Right
73.2%
Bordering CountryTurkmenistan
72.5%
Age of Suffrage18
71.9%
Bordering CountryTajikistan
70.8%
Bordering CountryUzbekistan
70.1%
Second Largest Ethnic GroupTajik
70.1%
Bordering CountryChina
69.8%
CurrencyAfghani
60.2%
Independence FromUnited Kingdom
56.4%
Official LanguagePashto
46%
Largest Ethnic GroupPashtun
44.9%
Official NameIslamic Republic of Afghanistan
43.8%
Official LanguageDari
43.8%
Insurgent Political GroupTaliban
41.2%
Hint Answer % Correct
Second Largest CityKandahar
34.5%
PresidentAshraf Ghani
31.5%
Number of Provinces34
29.8%
Year of Latest Constitution2004
26%
Structure on EmblemMosque
24.3%
Year of Independence1919
22%
Third Largest CityHerat
21.1%
1979–1989 Armed ConflictSoviet-Afghan War
15.5%
Fourth Largest CityMazar-e Sharif
14.7%
Longest RiverHelmand River
14.5%
Largest ProvinceHelmand
14.5%
Last King (1933-1973)Mohammad Zahir Shah
14.2%
National SportBuzkashi
10.2%
Statement on EmblemShahadah
10.1%
Lowest Point (258 m)Amu Darya
8.9%
Highest Point (7,492 m)Noshaq
8.4%
National Day19 August
8%
First PresidentMohammed Daoud Khan
7.6%
Year of First Afghan State1747
7.4%
Presidential PalaceThe Arg
7%
Largest StadiumGhazi Stadium
6%
National AnthemMilli Surood
5.9%
Government TypePresidential Islamic Republic
5.7%
National DishKabul Pulao
5.6%
Largest MosqueAbdul Rahman Mosque
4.9%
Remove Ads.
Support Sporcle.
Get the best of Sporcle when you Go Orange. This ad-free experience offers more features, more stats, and more fun while also helping to support Sporcle. Thank you for becoming a member.

You're not logged in!

Compare scores with friends on all Sporcle quizzes.
OR
Log In

Show Comments

Extras

Top Quizzes Today


Score Distribution

Your Account Isn't Verified!

In order to create a playlist on Sporcle, you need to verify the email address you used during registration. Go to your Sporcle Settings to finish the process.

Report this User

Report this user for behavior that violates our Community Guidelines.

Details: